[Event "WYCC Girls 12"]
[Site "Porto Carras"]
[Date "2015.10.27"]
[Round "3.1"]
[White "Solozhenkina, Elizaveta"]
[Black "Vittal, Sanjana"]
[Result "1-0"]
[BlackElo "1693"]
[WhiteElo "2062"]
[LiveChessVersion "1.4.6"]

1. e4 {[%clk 1:30:58]} e5 {[%clk 1:30:55]} 2. Nf3 {[%clk 1:31:22]} d6
{[%clk 1:31:21]} 3. d4 {[%clk 1:31:05]} exd4 {[%clk 1:31:45]} 4. Nxd4
{[%clk 1:31:32]} Nf6 {[%clk 1:32:06]} 5. Nc3 {[%clk 1:30:48]} Be7
{[%clk 1:32:30]} 6. Be2 {[%clk 1:29:32]} O-O {[%clk 1:32:51]} 7. O-O
{[%clk 1:29:54]} Re8 {[%clk 1:32:56]} 8. f4 {[%clk 1:28:12]} c5 {[%clk 1:33:20]}
9. Nb3 {[%clk 1:20:31]} Bf8 {[%clk 1:33:24]} 10. Bf3 {[%clk 1:20:25]} Nc6
{[%clk 1:33:41]} 11. Be3 {[%clk 1:08:59]} a5 {[%clk 1:23:00]} 12. a4
{[%clk 1:05:55]} Nb4 {[%clk 1:22:24]} 13. Bf2 {[%clk 1:03:38]} Be6
{[%clk 1:10:51]} 14. Bh4 {[%clk 0:46:10]} Be7 {[%clk 0:52:17]} 15. Nb5
{[%clk 0:41:00]} Bxb3 {[%clk 0:41:33]} 16. cxb3 {[%clk 0:41:06]} d5
{[%clk 0:41:11]} 17. e5 {[%clk 0:34:13]} Ne4 {[%clk 0:41:04]} 18. Bxe7
{[%clk 0:34:30]} Rxe7 {[%clk 0:37:55]} 19. Bxe4 {[%clk 0:30:18]} dxe4
{[%clk 0:38:16]} 20. Nd6 {[%clk 0:29:47]} f6 {[%clk 0:35:45]} 21. Qe2
{[%clk 0:20:32]} Nd3 {[%clk 0:25:57]} 22. Nf5 {[%clk 0:19:08]} Rd7
{[%clk 0:21:42]} 23. Qxe4 {[%clk 0:17:23]} Nxb2 {[%clk 0:20:28]} 24. Nd6
{[%clk 0:16:24]} Qb6 {[%clk 0:16:24]} 25. Qd5+ {[%clk 0:16:31]} Kf8
{[%clk 0:16:31]} 26. Kh1 {[%clk 0:15:12]} c4 {[%clk 0:14:23]} 27. bxc4
{[%clk 0:15:28]} Qc6 {[%clk 0:13:53]} 28. Rf3 {[%clk 0:12:57]} Rc8
{[%clk 0:12:27]} 29. Qxa5 {[%clk 0:06:48]} Nxc4 {[%clk 0:12:05]} 30. Nxc4
{[%clk 0:06:52]} Qxc4 {[%clk 0:12:23]} 31. Re1 {[%clk 0:05:43]} Rd5
{[%clk 0:09:31]} 32. Qb6 {[%clk 0:05:21]} Qxa4 {[%clk 0:08:27]} 33. exf6
{[%clk 0:05:00]} Qc6 {[%clk 0:05:45]} 34. fxg7+ {[%clk 0:05:07]} Kg8
{[%clk 0:06:04]} 35. Qb2 {[%clk 0:04:59]} Re8 {[%clk 0:05:39]} 36. Ref1
{[%clk 0:04:50]} Rf5 {[%clk 0:05:01]} 37. h3 {[%clk 0:03:36]} Qd5
{[%clk 0:04:51]} 38. Rg3 {[%clk 0:02:24]} b5 {[%clk 0:04:18]} 39. Kh2
{[%clk 0:01:54]} Qc4 {[%clk 0:03:53]} 40. Rgf3 {[%clk 0:31:19]} Qe2
{[%clk 0:32:22]} 41. Qa1 {[%clk 0:24:57]} b4 {[%clk 0:30:06]} 42. Qb1
{[%clk 0:20:07]} Qe4 {[%clk 0:27:27]} 43. Qb3+ {[%clk 0:19:12]} Re6
{[%clk 0:26:35]} 44. Rg3 {[%clk 0:19:13]} Rd5 {[%clk 0:23:20]} 45. Rc1
{[%clk 0:16:54]} Rd8 {[%clk 0:21:14]} 46. f5 {[%clk 0:15:47]} Qxf5
{[%clk 0:21:22]} 47. Re1 {[%clk 0:15:09]} Rd5 {[%clk 0:18:50]} 48. Rf3
{[%clk 0:15:27]} Qxf3 {[%clk 0:13:59]} 49. Qxf3 {[%clk 0:15:31]} Kxg7
{[%clk 0:14:01]} 50. Rxe6 {[%clk 0:15:52]} Rd8 {[%clk 0:13:31]} 51. Qf6+
{[%clk 0:15:59]} Kg8 {[%clk 0:13:27]} 52. Re7 {[%clk 0:16:22]} 1-0

[Event "WYCC Girls 12"]
[Site "Porto Carras"]
[Date "2015.10.27"]
[Round "3.2"]
[White "Vuller, Anastasia"]
[Black "Yip, Carissa"]
[Result "0-1"]
[BlackElo "2007"]
[WhiteElo "1690"]
[LiveChessVersion "1.4.6"]

1. e4 {[%clk 1:30:58]} c5 {[%clk 1:30:48]} 2. Nf3 {[%clk 1:31:24]} d6
{[%clk 1:31:14]} 3. c3 {[%clk 1:31:38]} Nf6 {[%clk 1:31:02]} 4. Bd3
{[%clk 1:31:59]} g6 {[%clk 1:30:40]} 5. O-O {[%clk 1:31:59]} Bg7 {[%clk 1:31:01]}
6. Bc2 {[%clk 1:32:20]} Nc6 {[%clk 1:30:00]} 7. d4 {[%clk 1:29:35]} cxd4
{[%clk 1:27:38]} 8. cxd4 {[%clk 1:29:50]} Bg4 {[%clk 1:27:50]} 9. Be3
{[%clk 1:29:44]} Nd7 {[%clk 1:27:37]} 10. Bb3 {[%clk 1:26:19]} O-O
{[%clk 1:27:06]} 11. Nc3 {[%clk 1:15:03]} Rc8 {[%clk 1:17:50]} 12. Rc1
{[%clk 1:08:36]} a6 {[%clk 1:17:01]} 13. Nd5 {[%clk 1:06:14]} e6 {[%clk 1:11:21]}
14. Nc3 {[%clk 1:04:28]} Qf6 {[%clk 1:09:35]} 15. Bg5 {[%clk 0:56:14]} Qxg5
{[%clk 1:08:34]} 16. Nxg5 {[%clk 0:56:24]} Bxd1 {[%clk 1:08:59]} 17. Rfxd1
{[%clk 0:54:34]} Nxd4 {[%clk 1:04:50]} 18. Bc2 {[%clk 0:50:38]} b5
{[%clk 1:02:55]} 19. a3 {[%clk 0:49:54]} a5 {[%clk 1:00:01]} 20. Bd3
{[%clk 0:41:25]} h6 {[%clk 0:58:01]} 21. Nf3 {[%clk 0:36:31]} Nxf3+
{[%clk 0:46:35]} 22. gxf3 {[%clk 0:36:51]} Bxc3 {[%clk 0:46:26]} 23. Rxc3
{[%clk 0:35:42]} Rxc3 {[%clk 0:46:06]} 24. bxc3 {[%clk 0:36:07]} Rb8
{[%clk 0:43:07]} 25. Rb1 {[%clk 0:36:09]} Ne5 {[%clk 0:42:38]} 26. Be2
{[%clk 0:34:43]} Rc8 {[%clk 0:41:57]} 27. f4 {[%clk 0:32:22]} Nc4
{[%clk 0:41:26]} 28. Rxb5 {[%clk 0:26:24]} Nxa3 {[%clk 0:41:41]} 29. Rxa5
{[%clk 0:25:45]} Rxc3 {[%clk 0:42:09]} 30. Ra6 {[%clk 0:24:57]} Nc4
{[%clk 0:42:05]} 31. Rc6 {[%clk 0:20:00]} Rc1+ {[%clk 0:42:28]} 32. Bf1
{[%clk 0:20:22]} d5 {[%clk 0:42:52]} 33. exd5 {[%clk 0:20:34]} exd5
{[%clk 0:43:17]} 34. f3 {[%clk 0:18:56]} Kg7 {[%clk 0:33:14]} 35. Kf2
{[%clk 0:18:04]} Rc2+ {[%clk 0:32:17]} 36. Kg1 {[%clk 0:16:39]} Ne3
{[%clk 0:32:16]} 37. Rxc2 {[%clk 0:16:38]} Nxc2 {[%clk 0:32:39]} 38. Kf2
{[%clk 0:16:51]} Kf6 {[%clk 0:32:35]} 39. Bd3 {[%clk 0:15:07]} Nb4
{[%clk 0:32:58]} 40. Bb1 {[%clk 0:45:11]} d4 {[%clk 1:03:06]} 41. Be4
{[%clk 0:37:04]} Ke6 {[%clk 1:01:38]} 42. h4 {[%clk 0:35:09]} f5 {[%clk 1:02:01]}
43. Bb1 {[%clk 0:35:16]} h5 {[%clk 1:00:09]} 44. Ke2 {[%clk 0:34:42]} Kd5
{[%clk 1:00:20]} 45. Kd1 {[%clk 0:33:44]} Kc4 {[%clk 1:00:21]} 46. Kd2
{[%clk 0:34:03]} d3 {[%clk 1:00:14]} 47. Kd1 {[%clk 0:33:31]} Kc3
{[%clk 1:00:32]} 48. Kc1 {[%clk 0:33:33]} Nd5 {[%clk 1:00:42]} 49. Bc2
{[%clk 0:32:59]} Ne3 {[%clk 1:00:11]} 50. Bb3 {[%clk 0:30:54]} d2+
{[%clk 1:00:25]} 51. Kb1 {[%clk 0:30:56]} Kxb3 {[%clk 1:00:46]} 0-1

[Event "WYCC Girls 12"]
[Site "Porto Carras"]
[Date "2015.10.27"]
[Round "3.3"]
[White "Lim, Cassandra"]
[Black "Duran, Esma Doga"]
[Result "0-1"]
[BlackElo "1876"]
[WhiteElo "1661"]
[LiveChessVersion "1.4.6"]

1. d4 {[%clk 1:30:57]} d5 {[%clk 1:30:57]} 2. c4 {[%clk 1:31:23]} c6
{[%clk 1:31:18]} 3. Nc3 {[%clk 1:31:49]} Nf6 {[%clk 1:31:41]} 4. e3
{[%clk 1:32:15]} e6 {[%clk 1:31:57]} 5. Nf3 {[%clk 1:32:35]} Nbd7
{[%clk 1:32:07]} 6. b3 {[%clk 1:32:58]} Bd6 {[%clk 1:30:07]} 7. Be2
{[%clk 1:33:12]} O-O {[%clk 1:30:30]} 8. O-O {[%clk 1:33:38]} dxc4
{[%clk 1:29:31]} 9. bxc4 {[%clk 1:33:48]} e5 {[%clk 1:29:02]} 10. Bb2
{[%clk 1:32:09]} Qe7 {[%clk 1:26:41]} 11. Qc2 {[%clk 1:29:03]} Re8
{[%clk 1:25:11]} 12. Rae1 {[%clk 1:27:20]} b6 {[%clk 1:21:56]} 13. Rd1
{[%clk 1:19:26]} Bb7 {[%clk 1:18:57]} 14. Rfe1 {[%clk 1:17:59]} e4
{[%clk 1:11:52]} 15. Nd2 {[%clk 1:17:14]} Qe6 {[%clk 1:02:46]} 16. f3
{[%clk 1:07:41]} exf3 {[%clk 0:55:33]} 17. Bxf3 {[%clk 1:07:57]} Ng4
{[%clk 0:51:43]} 18. Nf1 {[%clk 1:06:04]} Nf8 {[%clk 0:47:49]} 19. Qe2
{[%clk 1:01:05]} Nf6 {[%clk 0:43:49]} 20. e4 {[%clk 0:59:43]} N6d7
{[%clk 0:40:45]} 21. Ne3 {[%clk 0:52:50]} Bf4 {[%clk 0:39:14]} 22. d5 Qh6
{[%clk 0:32:04]} 23. g3 {[%clk 0:49:13]} Bxe3+ {[%clk 0:31:16]} 24. Qxe3
{[%clk 0:49:27]} Qxe3+ {[%clk 0:31:36]} 25. Rxe3 {[%clk 0:49:46]} Ne5
{[%clk 0:31:48]} 26. Be2 {[%clk 0:48:53]} Ba6 {[%clk 0:31:58]} 27. c5
{[%clk 0:43:47]} Bxe2 {[%clk 0:30:49]} 28. Rxe2 {[%clk 0:43:06]} bxc5
{[%clk 0:29:59]} 29. Na4 {[%clk 0:37:18]} c4 {[%clk 0:24:12]} 30. dxc6
{[%clk 0:32:15]} Nxc6 {[%clk 0:19:50]} 31. Rc1 {[%clk 0:31:57]} Na5
{[%clk 0:20:09]} 32. Bc3 {[%clk 0:32:05]} Nb7 {[%clk 0:20:08]} 33. Bb4
{[%clk 0:31:11]} Rac8 {[%clk 0:18:17]} 34. Nb2 {[%clk 0:31:06]} a5
{[%clk 0:17:17]} 35. Bxf8 {[%clk 0:28:16]} Kxf8 {[%clk 0:17:26]} 36. Rxc4
{[%clk 0:28:32]} Rxc4 {[%clk 0:17:06]} 37. Nxc4 {[%clk 0:28:57]} Rc8
{[%clk 0:16:49]} 38. Ne5 {[%clk 0:23:42]} Ke7 {[%clk 0:16:23]} 39. Nd3
{[%clk 0:22:00]} Rc3 {[%clk 0:15:46]} 40. Nf4 {[%clk 0:49:56]} Rc4
{[%clk 0:44:39]} 41. Nd3 {[%clk 0:48:21]} Nc5 {[%clk 0:44:03]} 42. Nxc5
{[%clk 0:47:39]} Rxc5 {[%clk 0:44:33]} 43. Kf2 {[%clk 0:47:37]} Ke6
{[%clk 0:44:31]} 44. g4 {[%clk 0:42:41]} Ke5 {[%clk 0:43:22]} 45. Kf3
{[%clk 0:37:50]} Rc3+ {[%clk 0:43:27]} 46. Kg2 {[%clk 0:37:53]} f6
{[%clk 0:42:03]} 47. Kf2 {[%clk 0:33:57]} Kf4 {[%clk 0:42:05]} 48. Kg1
{[%clk 0:33:50]} Re3 {[%clk 0:40:39]} 49. Rd2 {[%clk 0:32:01]} Rxe4
{[%clk 0:34:20]} 50. Rd7 {[%clk 0:25:54]} Kf3 {[%clk 0:34:32]} 51. h3
{[%clk 0:26:04]} Re1+ {[%clk 0:33:29]} 52. Kh2 {[%clk 0:26:29]} Re2+
{[%clk 0:33:47]} 53. Kg1 {[%clk 0:26:50]} Rxa2 {[%clk 0:29:57]} 54. Rxg7
{[%clk 0:26:14]} Kg3 {[%clk 0:30:02]} 55. Kf1 {[%clk 0:26:31]} Kxh3
{[%clk 0:30:18]} 56. Ke1 {[%clk 0:26:21]} Rg2 {[%clk 0:30:00]} 57. Rxh7+
{[%clk 0:26:20]} Kxg4 {[%clk 0:30:20]} 58. Kf1 {[%clk 0:26:30]} Ra2
{[%clk 0:30:08]} 59. Rg7+ {[%clk 0:26:54]} Kf3 {[%clk 0:30:24]} 60. Ke1
{[%clk 0:27:20]} f5 {[%clk 0:30:38]} 61. Rf7 {[%clk 0:27:36]} f4 {[%clk 0:30:40]}
62. Rf6 {[%clk 0:27:52]} a4 {[%clk 0:30:51]} 63. Kd1 {[%clk 0:28:06]} a3
{[%clk 0:31:04]} 64. Ra6 {[%clk 0:28:27]} Ra1+ {[%clk 0:28:43]} 65. Kc2
{[%clk 0:28:20]} Kf2 {[%clk 0:28:59]} 66. Kb3 {[%clk 0:27:58]} f3
{[%clk 0:29:20]} 67. Kc2 {[%clk 0:28:13]} Kf1 {[%clk 0:29:25]} 68. Kb3
{[%clk 0:28:24]} f2 {[%clk 0:29:49]} 69. Kc2 {[%clk 0:28:51]} Ra2+
{[%clk 0:29:17]} 70. Kd3 {[%clk 0:28:29]} Ke1 {[%clk 0:28:21]} 71. Re6+
{[%clk 0:28:29]} Kd1 {[%clk 0:28:33]} 72. Rf6 {[%clk 0:28:17]} Rd2+
{[%clk 0:28:44]} 73. Ke3 {[%clk 0:27:49]} a2 {[%clk 0:29:04]} 74. Rxf2
{[%clk 0:26:51]} Rxf2 {[%clk 0:29:22]} 75. Kxf2 {[%clk 0:27:17]} a1=Q
{[%clk 0:29:42]} 0-1

[Event "WYCC Girls 12"]
[Site "Porto Carras"]
[Date "2015.10.27"]
[Round "3.4"]
[White "Salonika, Saina"]
[Black "Tsivelekidou, Evgenia"]
[Result "1-0"]
[BlackElo "1646"]
[WhiteElo "1858"]
[LiveChessVersion "1.4.6"]

1. e4 {[%clk 1:30:51]} c6 {[%clk 1:30:54]} 2. d4 {[%clk 1:31:11]} d5
{[%clk 1:31:18]} 3. Nc3 {[%clk 1:31:35]} dxe4 {[%clk 1:31:42]} 4. Nxe4
{[%clk 1:31:59]} Bf5 {[%clk 1:32:08]} 5. Ng3 {[%clk 1:32:22]} Bg6
{[%clk 1:32:32]} 6. h4 {[%clk 1:32:42]} h6 {[%clk 1:32:58]} 7. Nf3
{[%clk 1:33:09]} Nd7 {[%clk 1:33:20]} 8. h5 {[%clk 1:33:33]} Bh7 {[%clk 1:33:45]}
9. Bd3 {[%clk 1:33:55]} Bxd3 {[%clk 1:34:06]} 10. Qxd3 {[%clk 1:34:17]} e6
{[%clk 1:34:31]} 11. Bd2 {[%clk 1:34:38]} Ngf6 {[%clk 1:34:55]} 12. O-O-O
{[%clk 1:35:00]} Be7 {[%clk 1:35:20]} 13. Ne4 {[%clk 1:33:10]} Nxe4
{[%clk 1:35:31]} 14. Qxe4 {[%clk 1:33:34]} Nf6 {[%clk 1:35:43]} 15. Qe2
{[%clk 1:32:53]} Qd5 {[%clk 1:35:17]} 16. c4 {[%clk 1:31:49]} Qe4
{[%clk 1:33:32]} 17. Be3 {[%clk 1:29:30]} Ng4 {[%clk 1:26:42]} 18. Qc2
{[%clk 1:26:14]} Qxc2+ {[%clk 1:24:51]} 19. Kxc2 {[%clk 1:26:38]} f5
{[%clk 1:23:55]} 20. Rde1 {[%clk 1:23:10]} Bd6 {[%clk 1:19:17]} 21. g3
{[%clk 1:23:01]} Kf7 {[%clk 1:15:54]} 22. Re2 {[%clk 1:20:46]} Rac8
{[%clk 1:13:27]} 23. Bf4 {[%clk 1:12:15]} Bc7 {[%clk 1:09:03]} 24. Rhe1
{[%clk 0:48:59]} Rhe8 {[%clk 1:08:24]} 25. Bxc7 {[%clk 0:48:06]} Rxc7
{[%clk 1:08:38]} 26. Ne5+ {[%clk 0:48:28]} Nxe5 {[%clk 1:08:16]} 27. Rxe5
{[%clk 0:48:39]} Kf6 {[%clk 1:07:21]} 28. f4 {[%clk 0:48:02]} g5 {[%clk 1:02:56]}
29. g4 {[%clk 0:33:27]} gxf4 {[%clk 0:55:48]} 30. gxf5 {[%clk 0:32:31]} Rce7
{[%clk 0:55:07]} 31. Rg1 {[%clk 0:32:27]} Rg7 {[%clk 0:48:32]} 32. Rxg7
{[%clk 0:26:19]} Kxg7 {[%clk 0:48:55]} 33. Rxe6 {[%clk 0:26:47]} Rd8
{[%clk 0:44:49]} 34. Kd3 {[%clk 0:23:19]} f3 {[%clk 0:41:11]} 35. Re3
{[%clk 0:21:20]} Kf6 {[%clk 0:40:19]} 36. Rxf3 {[%clk 0:21:44]} Rg8
{[%clk 0:38:53]} 37. Re3 {[%clk 0:17:15]} Kxf5 {[%clk 0:37:13]} 38. Re7
{[%clk 0:17:38]} Rb8 {[%clk 0:35:17]} 39. Rg7 {[%clk 0:18:00]} a6
{[%clk 0:34:02]} 40. Rg6 {[%clk 0:47:52]} Rh8 {[%clk 1:02:31]} 41. b4
{[%clk 0:48:08]} a5 {[%clk 1:01:38]} 42. b5 {[%clk 0:47:13]} cxb5
{[%clk 1:01:03]} 43. cxb5 {[%clk 0:47:39]} Rh7 {[%clk 1:00:48]} 44. a4
{[%clk 0:47:41]} Rc7 {[%clk 0:55:27]} 45. Rxh6 {[%clk 0:47:20]} Kg5
{[%clk 0:55:32]} 46. Rb6 {[%clk 0:47:43]} Kxh5 {[%clk 0:55:44]} 47. Rf6
{[%clk 0:46:23]} Kg5 {[%clk 0:54:27]} 48. Rf1 {[%clk 0:46:23]} Rd7
{[%clk 0:52:13]} 49. Ke4 {[%clk 0:46:25]} Re7+ {[%clk 0:49:00]} 50. Kd5
{[%clk 0:46:50]} Re8 {[%clk 0:48:47]} 51. Rf7 {[%clk 0:46:18]} Rd8+
{[%clk 0:48:27]} 52. Ke5 {[%clk 0:46:28]} Re8+ {[%clk 0:48:33]} 53. Kd6
{[%clk 0:46:53]} Re4 {[%clk 0:48:44]} 54. Kd5 {[%clk 0:47:20]} Re8
{[%clk 0:46:32]} 55. Rxb7 {[%clk 0:47:44]} Kf6 {[%clk 0:46:34]} 56. Rb6+
{[%clk 0:47:26]} Kf7 {[%clk 0:46:50]} 57. Rd6 {[%clk 0:47:27]} Rc8
{[%clk 0:46:42]} 58. Rc6 {[%clk 0:47:53]} Rb8 {[%clk 0:46:49]} 59. b6
{[%clk 0:48:14]} Ke7 {[%clk 0:47:08]} 60. Rc7+ {[%clk 0:48:39]} Kd8
{[%clk 0:47:02]} 61. Kc6 {[%clk 0:49:04]} Ra8 {[%clk 0:46:57]} 62. d5
{[%clk 0:49:22]} 1-0

[Event "WYCC Girls 12"]
[Site "Porto Carras"]
[Date "2015.10.27"]
[Round "3.5"]
[White "Bai, Xue"]
[Black "Berdnyk, Mariia"]
[Result "1/2-1/2"]
[BlackElo "1822"]
[WhiteElo "1639"]
[LiveChessVersion "1.4.6"]

1. e4 {[%clk 1:30:57]} c5 {[%clk 1:30:56]} 2. Nf3 {[%clk 1:31:23]} e6
{[%clk 1:31:21]} 3. d4 {[%clk 1:31:50]} cxd4 {[%clk 1:31:48]} 4. Nxd4
{[%clk 1:32:14]} Nf6 {[%clk 1:32:13]} 5. Nc3 {[%clk 1:32:38]} Nc6
{[%clk 1:32:40]} 6. Bg5 {[%clk 1:30:37]} h6 {[%clk 1:24:53]} 7. Bf4
{[%clk 1:24:26]} Bb4 {[%clk 1:20:28]} 8. Nxc6 {[%clk 1:21:25]} bxc6
{[%clk 1:19:43]} 9. Qf3 {[%clk 1:20:13]} Qa5 {[%clk 1:15:15]} 10. Bd2
{[%clk 1:19:33]} e5 {[%clk 1:09:16]} 11. a3 {[%clk 1:19:29]} O-O {[%clk 1:00:44]}
12. Bd3 {[%clk 1:17:48]} d5 {[%clk 0:56:48]} 13. O-O {[%clk 1:17:28]} Bxc3
{[%clk 0:53:49]} 14. Bxc3 {[%clk 1:17:42]} Qc7 {[%clk 0:54:14]} 15. Qg3
{[%clk 1:16:23]} Re8 {[%clk 0:51:15]} 16. Rfe1 {[%clk 1:14:47]} Nh5
{[%clk 0:48:04]} 17. Qf3 {[%clk 1:12:56]} Nf4 {[%clk 0:47:22]} 18. Bd2
{[%clk 1:12:16]} Nxd3 {[%clk 0:40:13]} 19. Qxd3 {[%clk 1:11:06]} d4
{[%clk 0:39:22]} 20. Qg3 {[%clk 1:11:21]} Kh7 {[%clk 0:38:48]} 21. f4
{[%clk 1:07:33]} Qb6 {[%clk 0:32:54]} 22. b4 {[%clk 1:06:47]} exf4
{[%clk 0:26:22]} 23. Qxf4 {[%clk 1:05:31]} Be6 {[%clk 0:25:59]} 24. Kh1
{[%clk 1:03:40]} c5 {[%clk 0:24:15]} 25. Qf2 {[%clk 0:59:16]} c4 {[%clk 0:20:08]}
26. Bf4 {[%clk 0:57:40]} Red8 {[%clk 0:17:44]} 27. Red1 {[%clk 0:54:45]} Rac8
{[%clk 0:16:22]} 28. Be5 {[%clk 0:54:39]} d3 {[%clk 0:15:29]} 29. Qg3
{[%clk 0:54:50]} f6 {[%clk 0:15:40]} 30. Bxf6 {[%clk 0:53:53]} gxf6
{[%clk 0:14:35]} 31. cxd3 {[%clk 0:54:11]} cxd3 {[%clk 0:13:01]} 32. Rxd3
{[%clk 0:52:44]} Qb8 {[%clk 0:11:36]} 33. Qxb8 {[%clk 0:52:47]} Rxb8
{[%clk 0:12:01]} 34. Rxd8 {[%clk 0:53:04]} Rxd8 {[%clk 0:12:28]} 35. Kg1
{[%clk 0:52:11]} Rd2 {[%clk 0:10:16]} 36. Rc1 {[%clk 0:52:04]} Kg6
{[%clk 0:10:33]} 37. Rc7 {[%clk 0:50:38]} Rd7 {[%clk 0:09:34]} 38. Rc6
{[%clk 0:50:23]} Kf7 {[%clk 0:10:00]} 39. b5 {[%clk 0:49:32]} Rb7
{[%clk 0:08:19]} 40. Rc5 {[%clk 1:19:34]} Bb3 {[%clk 0:36:03]} 41. e5
{[%clk 1:19:19]} fxe5 {[%clk 0:34:14]} 42. Rxe5 {[%clk 1:18:41]} Ba4
{[%clk 0:34:04]} 43. Rc5 {[%clk 1:17:15]} Bxb5 {[%clk 0:33:26]} 44. Kf2
{[%clk 1:16:11]} a6 {[%clk 0:33:37]} 45. Kg3 {[%clk 1:14:27]} Rd7
{[%clk 0:32:50]} 46. Rc3 {[%clk 1:13:02]} Rd3+ {[%clk 0:32:17]} 47. Rxd3
{[%clk 1:13:05]} Bxd3 {[%clk 0:32:43]} 48. Kf4 {[%clk 1:13:19]} Ke6
{[%clk 0:33:08]} 49. Ke3 {[%clk 1:12:26]} Bf1 {[%clk 0:33:34]} 50. Kf2
{[%clk 1:11:44]} Bxg2 {[%clk 0:30:07]} 51. Kxg2 {[%clk 1:12:08]} Kd5
{[%clk 0:30:35]} 52. Kg3 {[%clk 1:12:18]} Kc4 {[%clk 0:31:01]} 53. Kg4
{[%clk 1:12:34]} Kb3 {[%clk 0:31:28]} 54. Kh5 {[%clk 1:12:37]} Kxa3
{[%clk 0:31:54]} 55. Kxh6 {[%clk 1:12:48]} a5 {[%clk 0:32:19]} 56. Kg7
{[%clk 1:12:51]} Kb4 {[%clk 0:32:45]} 57. h4 {[%clk 1:13:09]} a4 {[%clk 0:32:59]}
58. h5 {[%clk 1:13:33]} a3 {[%clk 0:33:15]} 59. h6 {[%clk 1:13:57]} a2
{[%clk 0:33:40]} 60. h7 {[%clk 1:14:20]} a1=Q+ {[%clk 0:34:05]} 61. Kg8
{[%clk 1:14:41]} Qg1+ {[%clk 0:34:27]} 62. Kh8 {[%clk 1:14:52]} Qd4+
{[%clk 0:34:26]} 63. Kg8 {[%clk 1:15:09]} Qd5+ {[%clk 0:34:47]} 64. Kg7
{[%clk 1:15:23]} Qe5+ {[%clk 0:35:03]} 65. Kg8 {[%clk 1:15:44]} Qe6+
{[%clk 0:35:24]} 66. Kg7 {[%clk 1:16:02]} Qe7+ {[%clk 0:35:34]} 67. Kg8
{[%clk 1:16:22]} Qe6+ {[%clk 0:35:10]} 68. Kg7 {[%clk 1:16:40]} Kc5
{[%clk 0:35:32]} 69. h8=Q {[%clk 1:16:56]} Qg4+ {[%clk 0:35:17]} 70. Kh7
{[%clk 1:17:16]} Qh5+ {[%clk 0:35:06]} 71. Kg8 {[%clk 1:17:33]} 1/2-1/2

[Event "WYCC Girls 12"]
[Site "Porto Carras"]
[Date "2015.10.27"]
[Round "3.6"]
[White "Hercog, Nusa"]
[Black "Bashkansky, Naomi"]
[Result "1-0"]
[BlackElo "1609"]
[WhiteElo "1790"]
[LiveChessVersion "1.4.6"]

1. d4 {[%clk 1:30:57]} d5 {[%clk 1:30:53]} 2. c4 {[%clk 1:31:20]} dxc4
{[%clk 1:31:17]} 3. e3 {[%clk 1:31:29]} e6 {[%clk 1:31:25]} 4. Bxc4
{[%clk 1:31:48]} Nf6 {[%clk 1:31:21]} 5. Nf3 {[%clk 1:31:51]} c5 {[%clk 1:31:36]}
6. O-O {[%clk 1:31:56]} a6 {[%clk 1:29:59]} 7. dxc5 {[%clk 1:32:00]} Qxd1
{[%clk 1:29:19]} 8. Rxd1 {[%clk 1:32:24]} Bxc5 {[%clk 1:29:35]} 9. b3
{[%clk 1:32:24]} b5 {[%clk 1:28:30]} 10. Be2 {[%clk 1:32:33]} Bb7
{[%clk 1:27:35]} 11. Bb2 {[%clk 1:32:24]} Nbd7 {[%clk 1:26:08]} 12. Nbd2
{[%clk 1:31:58]} O-O {[%clk 1:24:57]} 13. a4 {[%clk 1:29:50]} b4 {[%clk 1:12:09]}
14. Nc4 {[%clk 1:24:22]} Be7 {[%clk 1:08:22]} 15. Nfd2 {[%clk 1:15:31]} Rfe8
{[%clk 0:59:16]} 16. Kf1 {[%clk 1:10:35]} Bf8 {[%clk 0:49:49]} 17. Na5
{[%clk 0:58:29]} Bd5 {[%clk 0:45:15]} 18. f3 {[%clk 0:56:14]} e5 {[%clk 0:44:13]}
19. e4 {[%clk 0:48:55]} Be6 {[%clk 0:44:22]} 20. Nc6 {[%clk 0:46:40]} Nh5
{[%clk 0:36:42]} 21. Nc4 {[%clk 0:39:46]} f6 {[%clk 0:33:17]} 22. g3
{[%clk 0:36:15]} Nc5 {[%clk 0:26:17]} 23. Nb6 {[%clk 0:30:38]} Nxb3
{[%clk 0:22:33]} 24. Rab1 {[%clk 0:29:58]} Rac8 {[%clk 0:21:23]} 25. Nxc8
{[%clk 0:29:13]} Rxc8 {[%clk 0:21:28]} 26. Nd8 {[%clk 0:27:51]} Bh3+
{[%clk 0:21:15]} 27. Ke1 {[%clk 0:26:44]} Be7 {[%clk 0:15:57]} 28. Nb7
{[%clk 0:26:16]} Rc7 {[%clk 0:15:36]} 29. Nd6 {[%clk 0:25:19]} Be6
{[%clk 0:15:11]} 30. f4 {[%clk 0:24:03]} g6 {[%clk 0:13:09]} 31. fxe5
{[%clk 0:22:21]} fxe5 {[%clk 0:12:30]} 32. Bxe5 {[%clk 0:21:11]} Rc6
{[%clk 0:11:55]} 33. Bxh5 {[%clk 0:18:57]} gxh5 {[%clk 0:12:06]} 34. Nf5
{[%clk 0:18:11]} Bxf5 {[%clk 0:10:02]} 35. exf5 {[%clk 0:18:31]} Nc5
{[%clk 0:10:16]} 36. Kf1 {[%clk 0:15:15]} Nxa4 {[%clk 0:09:29]} 37. Rd7
{[%clk 0:14:25]} Kf8 {[%clk 0:05:10]} 38. Bg7+ {[%clk 0:13:38]} Ke8
{[%clk 0:04:49]} 39. Ra7 {[%clk 0:13:27]} Nc3 {[%clk 0:03:45]} 40. Re1
{[%clk 0:43:09]} Nd5 {[%clk 0:30:59]} 41. f6 {[%clk 0:41:23]} 1-0

[Event "WYCC Girls 12"]
[Site "Porto Carras"]
[Date "2015.10.27"]
[Round "3.7"]
[White "Mahdian, Anousha"]
[Black "Manya, Bagla"]
[Result "1-0"]
[BlackElo "1594"]
[WhiteElo "1757"]
[LiveChessVersion "1.4.6"]

1. d4 {[%clk 1:30:41]} d5 {[%clk 1:30:52]} 2. c4 {[%clk 1:30:56]} c6
{[%clk 1:31:11]} 3. cxd5 {[%clk 1:31:12]} cxd5 {[%clk 1:31:31]} 4. Nc3
{[%clk 1:31:33]} Nf6 {[%clk 1:31:49]} 5. Nf3 {[%clk 1:31:56]} Nc6
{[%clk 1:32:07]} 6. Bf4 {[%clk 1:32:19]} Bf5 {[%clk 1:32:31]} 7. e3
{[%clk 1:32:44]} e6 {[%clk 1:32:56]} 8. Qb3 {[%clk 1:33:09]} Bb4 {[%clk 1:33:06]}
9. Ne5 {[%clk 1:33:30]} Bxc3+ {[%clk 1:32:13]} 10. bxc3 {[%clk 1:30:27]} Qc8
{[%clk 1:24:33]} 11. Nxc6 {[%clk 1:19:29]} bxc6 {[%clk 1:24:00]} 12. Qa3
{[%clk 1:19:21]} Qd7 {[%clk 1:14:30]} 13. Ba6 {[%clk 1:16:12]} Rd8
{[%clk 1:11:03]} 14. h3 {[%clk 1:04:51]} h6 {[%clk 1:07:33]} 15. c4
{[%clk 0:54:40]} dxc4 {[%clk 0:48:02]} 16. Bxc4 {[%clk 0:54:08]} Nd5
{[%clk 0:47:02]} 17. Bg3 {[%clk 0:50:52]} Qe7 {[%clk 0:45:15]} 18. Qxe7+
{[%clk 0:48:05]} Kxe7 {[%clk 0:44:37]} 19. O-O {[%clk 0:46:57]} Nb6
{[%clk 0:41:17]} 20. Ba6 {[%clk 0:46:15]} Be4 {[%clk 0:34:06]} 21. Rfc1
{[%clk 0:46:02]} Bd5 {[%clk 0:32:34]} 22. f3 {[%clk 0:45:22]} f5 {[%clk 0:32:36]}
23. Bd3 {[%clk 0:45:15]} c5 {[%clk 0:30:06]} 24. dxc5 {[%clk 0:41:53]} Na4
{[%clk 0:29:46]} 25. Bb5 {[%clk 0:41:25]} Nb2 {[%clk 0:27:47]} 26. Rab1
{[%clk 0:38:47]} a6 {[%clk 0:25:14]} 27. Bxa6 {[%clk 0:38:33]} Na4
{[%clk 0:25:19]} 28. Bb5 {[%clk 0:37:41]} Nxc5 {[%clk 0:24:50]} 29. Rxc5
{[%clk 0:38:05]} Bxa2 {[%clk 0:25:01]} 30. Ra1 {[%clk 0:37:39]} Bd5
{[%clk 0:25:10]} 31. Ra7+ {[%clk 0:37:47]} Kf8 {[%clk 0:25:15]} 32. Rcc7
{[%clk 0:38:04]} Rg8 {[%clk 0:25:33]} 33. Rf7# 1-0